[Event "BL 0607 SV Wattenscheid - Solinger SG"]
[Site "?"]
[Date "2006.11.17"]
[Round "7.1"]
[White "Jussupow, Artur"]
[Black "Macieja, Bartlomiej"]
[Result "1/2-1/2"]
[WhiteElo "2600"]
[BlackElo "2622"]
[PlyCount "85"]
[EventDate "2006.??.??"]

1. d4 Nf6 2. Nf3 e6 3. e3 b6 4. Bd3 Bb7 5. O-O c5 6. c4 Be7 7. Nc3 cxd4 8. exd4
d5 9. cxd5 Nxd5 10. Ne5 O-O 11. Qh5 Nf6 12. Qh4 Ne4 13. Qh3 Qxd4 14. Nxf7 Rxf7
15. Bxe4 Bxe4 16. Qg4 Nc6 17. Qxe4 Qxe4 18. Nxe4 Nb4 19. Be3 Nc2 20. Rac1 Nxe3
21. fxe3 Bf6 22. b3 Be5 23. Rxf7 Kxf7 24. Kf2 Ke7 {(=)} 25. h3 h6 26. Ke2 Kd7
27. Nf2 Rc8 28. Rxc8 Kxc8 29. Nd3 Bd6 30. Kf3 Kd7 31. e4 Ke8 32. Kg4 Kf7 33. e5
Be7 34. h4 g6 35. h5 g5 36. Kf3 Ke8 37. Ke4 Kd7 38. Kd4 Kc6 39. Ke4 Bc5 40. g4
a6 41. Ne1 Kb5 42. Nd3 Kc6 43. Ne1 1/2-1/2

[Event "BL 0607 SV Wattenscheid - Solinger SG"]
[Site "?"]
[Date "2006.11.17"]
[Round "7.3"]
[White "Stellwagen, Daniel"]
[Black "Bartel, Mateusz"]
[Result "1-0"]
[WhiteElo "2576"]
[BlackElo "2569"]
[PlyCount "121"]
[EventDate "2006.??.??"]

1. e4 e6 2. d4 d5 3. Nc3 Bb4 4. e5 c5 5. a3 Ba5 6. b4 cxd4 7. Qg4 Ne7 8. bxa5
dxc3 9. Qxg7 Rg8 10. Qxh7 Nbc6 11. Nf3 Qc7 12. Bf4 Bd7 13. a6 b6 14. Bg3 O-O-O
15. Bd3 Rh8 16. Qg7 Rdg8 17. Qf6 Be8 18. O-O Rh5 19. Qf4 Nf5 20. Bxf5 Rxf5 21.
Qe3 Rxf3 22. Qxf3 Nd4 23. Qd3 Qc5 24. a4 Rg4 25. Rfb1 Nf5 26. Rb3 Rc4 27. Raa3
d4 28. a5 b5 29. Ra1 Bc6 30. f3 Nxg3 31. hxg3 Qxe5 32. Kf2 Qg5 33. Rh1 e5 34.
Rh8+ Kc7 35. Rh7 Qf6 36. Kg1 Ra4 37. Rxb5 e4 38. fxe4 Ra1+ 39. Kh2 Qf1 40. Qxf1
Rxf1 41. Rc5 Kd6 42. Rc4 Bxe4 43. Rh8 Kd5 44. Rc7 Bxc2 45. Rxa7 Be4 46. Rd8+
Kc4 47. Re7 c2 48. Rc8+ Kd3 49. Rxc2 Kxc2 50. Rxe4 Rf5 51. Rxd4 Rxa5 52. Rd6 f5
53. Kg1 Ra1+ 54. Kf2 Ra3 55. Rf6 Kd2 56. Rxf5 Rxa6 57. Rd5+ Kc3 58. Ke3 Kc4 59.
Rd8 Rf6 60. g4 Rf7 61. Ke4 1-0

[Event "BL 0607 SV Wattenscheid - Solinger SG"]
[Site "?"]
[Date "2006.11.17"]
[Round "7.4"]
[White "Czarnota, Pawel"]
[Black "Naumann, Alexander"]
[Result "1/2-1/2"]
[WhiteElo "2554"]
[BlackElo "2542"]
[PlyCount "72"]
[EventDate "2006.??.??"]

1. e4 e5 2. Nf3 Nc6 3. Bb5 a6 4. Ba4 Nf6 5. O-O Be7 6. Re1 b5 7. Bb3 d6 8. a4
Bg4 9. c3 O-O 10. d3 Na5 11. Bc2 c5 12. Nbd2 b4 13. Nf1 Rb8 14. Ne3 Be6 15. d4
bxc3 16. bxc3 Nb3 17. Rb1 Nxc1 18. Rxc1 cxd4 19. cxd4 Qa5 20. Ng5 exd4 21. Nxe6
dxe3 22. Nxf8 exf2+ 23. Kxf2 Qg5 24. h3 Rxf8 25. Kg1 Nh5 26. Qg4 Qc5+ 27. Kh1
Qe5 28. Bb3 Ng3+ 29. Kg1 Bd8 30. Rc6 h5 31. Qf3 Ba5 32. Rd1 Bb4 33. Rd5 Qa1+
34. Rd1 Qe5 35. Rd5 Qa1+ 36. Rd1 Qe5 1/2-1/2

[Event "BL 0607 SV Wattenscheid - Solinger SG"]
[Site "?"]
[Date "2006.11.17"]
[Round "7.5"]
[White "Werle, Jan"]
[Black "Appel, Ralf"]
[Result "0-1"]
[WhiteElo "2551"]
[BlackElo "2507"]
[PlyCount "96"]
[EventDate "2006.??.??"]

1. Nf3 d5 2. d4 Nf6 3. c4 e6 4. Nc3 c6 5. Bg5 Be7 6. e3 Nbd7 7. Qc2 O-O 8. Rd1
b6 9. Be2 Bb7 10. O-O Rc8 11. Rd2 Nh5 12. Bf4 Nxf4 13. exf4 Qc7 14. g3 Nf6 15.
f5 exf5 16. Qxf5 Rcd8 17. cxd5 Nxd5 18. Bc4 g6 19. Qc2 Nxc3 20. bxc3 b5 21. Bd3
c5 22. Be4 cxd4 23. Rxd4 Bf6 24. Rxd8 Rxd8 25. Rb1 Qe7 26. Re1 Bxe4 27. Rxe4
Qc5 28. c4 Rc8 29. Nd2 Qf5 30. Qd3 Kg7 31. Qe2 b4 32. Nf1 a5 33. Rf4 Qe6 34.
Qc2 Qe1 35. Kg2 Qc3 36. Qe4 Be5 37. Rf3 Qd4 38. Qb7 Rc7 39. Qa6 Qc5 40. Qa8 Ra7
41. Qe8 Bd4 42. Nd2 a4 43. Rf4 b3 44. axb3 a3 45. b4 Qe5 46. Qd8 a2 47. Nf3
Qxf4 48. gxf4 Bf6 0-1

[Event "BL 0607 SV Wattenscheid - Solinger SG"]
[Site "?"]
[Date "2006.11.17"]
[Round "7.6"]
[White "Holzke, Frank Dr"]
[Black "Hoffmann, Michael"]
[Result "1/2-1/2"]
[WhiteElo "2461"]
[BlackElo "2477"]
[PlyCount "58"]
[EventDate "2006.??.??"]

1. e4 c5 2. Nf3 d6 3. d4 cxd4 4. Nxd4 Nf6 5. Nc3 a6 6. Bg5 e6 7. f4 Qb6 8. Qd2
Qxb2 9. Nb3 Qa3 10. Be2 Nbd7 11. Bxf6 Nxf6 12. O-O Be7 13. Kh1 O-O 14. Rad1 b5
15. e5 dxe5 16. fxe5 Nd7 17. Qf4 Bd8 18. Ne4 Bc7 19. Ng5 Qe7 20. Nxh7 Kxh7 21.
Qe4+ g6 22. Qxa8 Bxe5 23. Nd4 Bc7 24. Qf3 Kg7 25. Nc6 Qc5 26. Rxd7 Bxd7 27.
Qf6+ Kh7 28. Qh4+ Kg7 29. Qf6+ Kh7 1/2-1/2

[Event "BL 0607 SV Wattenscheid - Solinger SG"]
[Site "?"]
[Date "2006.11.17"]
[Round "7.7"]
[White "Gabriel, Christian"]
[Black "Handke, Florian"]
[Result "1/2-1/2"]
[WhiteElo "2540"]
[BlackElo "2459"]
[PlyCount "49"]
[EventDate "2006.??.??"]

1. d4 d5 2. c4 c6 3. Nc3 Nf6 4. e3 a6 5. Qc2 g6 6. Bd3 Bg7 7. Nf3 O-O 8. O-O
Bg4 9. Ne5 Be6 10. Ne2 Qc8 11. Nf4 Bf5 12. Bxf5 Qxf5 13. Qxf5 gxf5 14. Bd2 dxc4
15. Nxc4 Nbd7 16. Na5 Rfc8 17. Nxb7 Rab8 18. Na5 Rxb2 19. Nb3 Ne4 20. Bb4 c5
21. Nd5 Bf8 22. Ba3 Rc2 23. dxc5 e6 24. Nb4 Rc3 25. Bb2 1/2-1/2

[Event "BL 0607 SV Wattenscheid - Solinger SG"]
[Site "?"]
[Date "2006.11.17"]
[Round "7.8"]
[White "Straeter, Timo"]
[Black "Ernst, Sipke"]
[Result "1-0"]
[WhiteElo "2345"]
[BlackElo "2512"]
[PlyCount "115"]
[EventDate "2006.??.??"]

1. d4 Nf6 2. c4 e6 3. Nc3 Bb4 4. e3 O-O 5. Nge2 Re8 6. a3 Bf8 7. g3 d5 8. cxd5
exd5 9. Bg2 c6 10. O-O Na6 11. Nf4 Nc7 12. b4 a6 13. f3 Nb5 14. Nxb5 axb5 15.
Bd2 Nd7 16. e4 dxe4 17. fxe4 Nf6 18. Bc3 Nxe4 19. Bb2 Bd7 20. Qd3 Nd6 21. d5
Bf5 22. Qd4 Be4 23. Ne6 Rxe6 24. dxe6 Bxg2 25. exf7+ Nxf7 26. Kxg2 Qg5 27. Qd7
Qg6 28. Rad1 c5 29. Qd5 cxb4 30. axb4 Qc6 31. Qxc6 bxc6 32. Rd7 Ng5 33. h4 Ne4
34. Ra1 Rxa1 35. Bxa1 c5 36. Kf3 Nf6 37. Bxf6 gxf6 38. bxc5 Bxc5 39. Rd5 Bf8
40. Rxb5 Kg7 41. Rd5 Kg6 42. g4 Bb4 43. Ke4 Be1 44. h5+ Kg7 45. Kf5 Bh4 46.
Rd7+ Kh6 47. Rb7 Bg5 48. Rb8 Kg7 49. Ke6 Bh4 50. Rb7+ Kh6 51. Rb5 Kg7 52. Rd5
Bg5 53. Rd7+ Kh6 54. Kf7 Bh4 55. Kg8 f5 56. Rxh7+ Kg5 57. Rg7+ Kh6 58. Rg6# 1-0

[Event "BL 0607 SG Köln Porz - SC Remagen"]
[Site "?"]
[Date "2006.11.17"]
[Round "7.1"]
[White "Fedorchuk, Sergey"]
[Black "Vaganian, Rafael A"]
[Result "1/2-1/2"]
[WhiteElo "2599"]
[BlackElo "2587"]
[PlyCount "66"]
[EventDate "2006.??.??"]

1. e4 e6 2. d4 d5 3. Nd2 c5 4. Ngf3 Nc6 5. exd5 exd5 6. Bb5 Bd6 7. dxc5 Bxc5 8.
O-O Nge7 9. Nb3 Bd6 10. Bg5 O-O 11. Re1 Bg4 12. Bh4 Qc7 13. Bg3 Rad8 14. c3 Nf5
15. Bxd6 Rxd6 16. h3 Bxf3 17. Qxf3 Nh4 18. Qh5 Ng6 19. g3 f5 20. Rad1 f4 21. g4
Qd8 22. Bd3 Re8 23. Nc5 Re7 24. Bf5 Nce5 25. Rxe5 Rxe5 26. Nxb7 Qe7 27. Nxd6
Re1+ 28. Rxe1 Qxe1+ 29. Kg2 f3+ 30. Kg3 Qg1+ 31. Kxf3 Qd1+ 32. Ke3 Qe1+ 33. Kf3
Qd1+ 1/2-1/2

[Event "BL 0607 SG Köln Porz - SC Remagen"]
[Site "?"]
[Date "2006.11.17"]
[Round "7.2"]
[White "Van Wely, Loek"]
[Black "Goloshchapov, Alexander"]
[Result "1/2-1/2"]
[WhiteElo "2676"]
[BlackElo "2552"]
[PlyCount "108"]
[EventDate "2006.??.??"]

1. d4 Nf6 2. c4 e6 3. Nc3 Bb4 4. Qc2 d5 5. cxd5 exd5 6. Bg5 c5 7. a3 Bxc3+ 8.
Qxc3 cxd4 9. Qxd4 Nc6 10. Qf4 d4 11. b4 Nd5 12. Bxd8 Nxf4 13. Bc7 Ne6 14. Bd6
f6 15. Nf3 Kf7 16. e3 Rd8 17. Bg3 b6 18. Bc4 dxe3 19. fxe3 Bb7 20. O-O Ke7 21.
h4 Rac8 22. Rac1 h5 23. Rc3 Rd7 24. Rfc1 Ncd8 25. Bb5 Rxc3 26. Rxc3 Rd1+ 27.
Kf2 Nf7 28. Rd3 Rxd3 29. Bxd3 Nd6 30. Nd2 Nc7 31. e4 Ncb5 32. e5 fxe5 33. Bxe5
Nxa3 34. Bxg7 Bd5 35. g4 Nac4 36. Nxc4 Bxc4 37. Bc2 hxg4 38. h5 Nf7 39. Kg3 a5
40. bxa5 bxa5 41. Bc3 Be6 42. Bxa5 Kf8 43. Bc3 Kg8 44. Kf4 Kf8 45. Bh7 Bd7 46.
Bf6 Bc8 47. Ke4 Be6 48. Kf4 Nh6 49. Ke5 Bf7 50. Kf4 Bxh5 51. Kg5 Ng8 52. Bxg8
Kxg8 53. Kxh5 Kf7 54. Kxg4 Kxf6 1/2-1/2

[Event "BL 0607 SG Köln Porz - SC Remagen"]
[Site "?"]
[Date "2006.11.17"]
[Round "7.3"]
[White "Popovic, Petar"]
[Black "Timman, Jan H"]
[Result "1-0"]
[WhiteElo "2483"]
[BlackElo "2565"]
[PlyCount "83"]
[EventDate "2006.??.??"]

1. e4 c5 2. Nf3 e6 3. d4 cxd4 4. Nxd4 a6 5. Bd3 Bc5 6. Nb3 Ba7 7. Qe2 Nc6 8.
Be3 d6 9. O-O Nf6 10. c4 e5 11. Nc3 Be6 12. Rad1 O-O 13. Bxa7 Rxa7 14. Qd2 Qb6
15. Rfe1 Rd8 16. Bf1 Raa8 17. Nd5 Bxd5 18. exd5 Ne7 19. Qa5 Qa7 20. c5 Nexd5
21. cxd6 Rxd6 22. Rxe5 Ng4 23. Rf5 g6 24. Rf3 Rad8 25. h3 Ne5 26. Rg3 b5 27.
Bxb5 h5 28. Re1 h4 29. Rg5 f6 30. Rexe5 Kg7 31. Rxg6+ Kxg6 32. Bd3+ Kf7 33. Rh5
Qb6 34. Qd2 Ne3 35. Nc1 Rc8 36. Rh7+ Kg8 37. Rxh4 Nf5 38. Rg4+ Kf8 39. Qf4 Ng7
40. Qh6 Rxc1+ 41. Kh2 Qa5 42. g3 1-0

[Event "BL 0607 SG Köln Porz - SC Remagen"]
[Site "?"]
[Date "2006.11.17"]
[Round "7.4"]
[White "Graf, Alexander"]
[Black "Bindrich, Falko"]
[Result "0-1"]
[WhiteElo "2601"]
[BlackElo "2482"]
[PlyCount "60"]
[EventDate "2006.??.??"]

1. d4 Nf6 2. c4 e6 3. Nc3 Bb4 4. e3 b6 5. Bd3 Bb7 6. Nf3 Ne4 7. O-O Bxc3 8.
bxc3 f5 9. Ba3 Qf6 10. Nd2 Nxd2 11. Qxd2 d6 12. f3 Nd7 13. e4 fxe4 14. fxe4 Qh4
15. e5 dxe5 16. d5 exd5 17. cxd5 O-O-O 18. Rf2 e4 19. Rf4 Qh6 20. Bxe4 Rhe8 21.
Bf5 Kb8 22. c4 Ne5 23. Rd1 Ba6 24. Qf2 Nxc4 25. Bc1 g5 26. Rfd4 Qg7 27. Be6 Nd6
28. Qg3 Rf8 29. h3 h6 30. Bb2 Qg6 {(Zü)} 0-1

[Event "BL 0607 SG Köln Porz - SC Remagen"]
[Site "?"]
[Date "2006.11.17"]
[Round "7.6"]
[White "Korneev, Oleg"]
[Black "Boidman, Yuri"]
[Result "1-0"]
[WhiteElo "2657"]
[BlackElo "2438"]
[PlyCount "95"]
[EventDate "2006.??.??"]

1. e4 c5 2. Nf3 Nc6 3. d4 cxd4 4. Nxd4 Nf6 5. Nc3 d6 6. Bg5 e6 7. Qd2 a6 8.
O-O-O Bd7 9. f3 Be7 10. Kb1 b5 11. h4 h6 12. Be3 Ne5 13. Bd3 h5 14. Rhe1 b4 15.
Nce2 Qb8 16. Bg5 Qb6 17. Be3 Qb7 18. Ng3 a5 19. Bg5 a4 20. f4 Nxd3 21. cxd3 Qb6
22. Nf3 a3 23. b3 Rc8 24. f5 Bb5 25. Be3 Qb8 26. Nd4 Bd7 27. Bg5 d5 28. e5 Bc5
29. fxe6 fxe6 30. Nxe6 Bxe6 31. exf6 O-O 32. Bf4 Bd6 33. Bxd6 Qxd6 34. Nxh5 Rf7
35. Nxg7 Rxg7 36. fxg7 Bf5 37. g4 Bh7 38. Rf1 Qe5 39. Qf2 Qxg7 40. Qf6 Qc7 41.
Qg5+ Kh8 42. Qf6+ Kg8 43. Qg5+ Kh8 44. Rc1 Bxd3+ 45. Ka1 Bc2 46. Qf6+ Kg8 47.
Rf2 Re8 48. Rfxc2 1-0

[Event "BL 0607 SG Köln Porz - SC Remagen"]
[Site "?"]
[Date "2006.11.17"]
[Round "7.8"]
[White "Kritz, Leonid"]
[Black "Schulz, Klaus-Juergen"]
[Result "0-1"]
[WhiteElo "2597"]
[BlackElo "2393"]
[PlyCount "80"]
[EventDate "2006.??.??"]

1. e4 c5 2. Nf3 Nc6 3. Bb5 g6 4. Bxc6 dxc6 5. d3 Bg7 6. h3 Nf6 7. Nc3 O-O 8.
Be3 b6 9. Qd2 Ne8 10. Bh6 Nc7 11. h4 f6 12. Nh2 e5 13. g3 Ne6 14. O-O-O Nd4 15.
Bxg7 Kxg7 16. f4 Be6 17. Rdf1 Qe7 18. Kb1 c4 19. dxc4 Bxc4 20. Rf2 Rad8 21. Qc1
Be6 22. Rd1 Bh3 23. Re1 Be6 24. Nd1 Qc5 25. Ne3 Qa5 26. a3 exf4 27. gxf4 Qh5
28. Rh1 Ne2 29. Qe1 Ng3 30. Rg1 Nxe4 31. Re2 Rfe8 32. Neg4 Bxg4 33. Rxe4 Bd7
34. Ng4 Bxg4 35. Rxe8 Rd1+ 36. Ka2 Rxe1 37. Rgxe1 Qd5+ 38. Kb1 Bf5 39. R1e7+
Kh6 40. Rh8 Kh5 0-1

[Event "BL 0607 SC Bann - OSC Baden Baden"]
[Site "?"]
[Date "2006.12.08"]
[Round "7.1"]
[White "Bacrot, Etienne"]
[Black "Laznicka, Viktor"]
[Result "1-0"]
[WhiteElo "2705"]
[BlackElo "2596"]
[PlyCount "61"]
[EventDate "2006.??.??"]

1. d4 d5 2. c4 c6 3. Nc3 Nf6 4. Nf3 a6 5. a4 e6 6. g3 dxc4 7. Bg2 c5 8. O-O Nc6
9. Ne5 Na5 10. dxc5 Qxd1 11. Rxd1 Bxc5 12. Bf4 Ke7 13. Rac1 Ra7 14. Ne4 Nxe4
15. Bxe4 b6 16. Bd2 f6 17. Bxa5 fxe5 18. Rxc4 Bxf2+ 19. Kxf2 bxa5 20. Rc5 Bd7
21. b3 Rb8 22. Rd3 Rb4 23. Ke3 Kf6 24. Rdc3 Be8 25. Bd3 Bg6 26. Bc4 Rb6 27. Rc1
h5 28. Kd2 Kg5 29. Rf1 Bf5 30. Rxe5 Kg4 31. e4 1-0

[Event "BL 0607 SC Bann - OSC Baden Baden"]
[Site "?"]
[Date "2006.12.08"]
[Round "7.3"]
[White "Nisipeanu, Liviu-Dieter"]
[Black "Cvek, Robert"]
[Result "1-0"]
[WhiteElo "2690"]
[BlackElo "2512"]
[PlyCount "81"]
[EventDate "2006.??.??"]

1. d4 Nf6 2. c4 c5 3. d5 g6 4. Nc3 Bg7 5. g3 O-O 6. Bg2 d6 7. Nf3 e6 8. O-O
exd5 9. cxd5 Re8 10. Nd2 a6 11. a4 Nbd7 12. h3 Rb8 13. Nc4 Nb6 14. Na3 Bd7 15.
a5 Nc8 16. Nc4 Bb5 17. Qb3 Bxc4 18. Qxc4 Nd7 19. Ne4 Qe7 20. Ra3 Na7 21. Bg5
Qf8 22. Bf4 Nb5 23. Rb3 Ne5 24. Bxe5 Bxe5 25. e3 Qe7 26. h4 Qc7 27. Ra1 b6 28.
axb6 Rxb6 29. Nd2 Rc8 30. Bh3 f5 31. Bf1 Rcb8 32. Qc1 Bf6 33. Nc4 R6b7 34. Rxa6
Ra7 35. Rc6 Qd8 36. Nd2 Rab7 37. Rxb5 Rxb5 38. Bxb5 Rxb5 39. Nc4 Be7 40. Qa1
Rb4 41. Qa6 1-0

[Event "BL 0607 SC Bann - OSC Baden Baden"]
[Site "?"]
[Date "2006.12.08"]
[Round "7.4"]
[White "Slobodjan, Roman"]
[Black "Vallejo Pons, Francisco"]
[Result "1/2-1/2"]
[WhiteElo "2525"]
[BlackElo "2674"]
[PlyCount "172"]
[EventDate "2006.??.??"]

1. e4 c5 2. Nf3 d6 3. d4 cxd4 4. Nxd4 Nf6 5. Nc3 a6 6. Bc4 e6 7. a3 b5 8. Ba2
Bb7 9. O-O Qd7 10. Qe2 Be7 11. Bg5 h6 12. Bh4 Nc6 13. Rad1 g5 14. Bg3 Rd8 15.
f3 Nh5 16. Bf2 Nf4 17. Qd2 Ne5 18. Nce2 Nfg6 19. Be3 Qc8 20. Ng3 Nc4 21. Bxc4
Qxc4 22. Nb3 Qc7 23. Qf2 Rc8 24. Bd4 Rh7 25. Nh5 Qxc2 26. Qxc2 Rxc2 27. Nf6+
Bxf6 28. Bxf6 Kd7 29. Rf2 Rc8 30. Rfd2 d5 31. Na5 Ba8 32. b4 Nf4 33. Nb3 Nh5
34. Bd4 Ke7 35. Nc5 Nf4 36. g3 Ng6 37. Bb2 f6 38. Re1 Kf7 39. Nd7 e5 40. exd5
Rd8 41. Nc5 Rxd5 42. Rxd5 Bxd5 43. Kf2 h5 44. Rd1 Ne7 45. Bc1 g4 46. f4 e4 47.
f5 h4 48. Bf4 hxg3+ 49. hxg3 Rh2+ 50. Kg1 Re2 51. Rd2 Rxd2 52. Bxd2 Nxf5 53.
Kf2 Nd6 54. Nxa6 Nc4 55. Bc1 Bc6 56. Nc5 f5 57. Nb3 Bd7 58. Nd4 Ke7 59. Nc2 Ne5
60. Bh6 Nc4 61. Ke2 Kf6 62. Bf4 Ke6 63. Bh6 Ne5 64. Ne3 Nd3 65. Kd2 Ke5 66.
Bg7+ Kd6 67. Bh6 Ke5 68. Bg7+ Ke6 69. Ng2 Nf2 70. Ke3 Nh1 71. Kf4 Nf2 72. Ke3
Nh3 73. Nf4+ Kd6 74. Bf8+ Kc6 75. Bg7 Ng5 76. Bf6 Nf7 77. Kd4 Kd6 78. Bg7 Ng5
79. Bf8+ Kc6 80. Bg7 Nf3+ 81. Ke3 Be8 82. Ne6 Bd7 83. Nf4 Ne1 84. Kd2 Nf3+ 85.
Ke3 Ne1 86. Ke2 Nd3 1/2-1/2

[Event "BL 0607 SC Bann - OSC Baden Baden"]
[Site "?"]
[Date "2006.12.08"]
[Round "7.5"]
[White "Movsesian, Sergei"]
[Black "Muraniy, Karl-Jasmin"]
[Result "1-0"]
[WhiteElo "2637"]
[BlackElo "2357"]
[PlyCount "59"]
[EventDate "2006.??.??"]

1. e4 c6 2. d4 d5 3. e5 Bf5 4. Be3 e6 5. Nd2 Nd7 6. Be2 h6 7. Ngf3 Ne7 8. O-O
Bh7 9. g4 c5 10. dxc5 Nc6 11. c4 dxc4 12. Nxc4 Nxc5 13. Nd4 Nxd4 14. Bxd4 Be4
15. Nd6+ Bxd6 16. exd6 Nd7 17. f3 Bd5 18. Bxg7 Rg8 19. Bxh6 Qb6+ 20. Rf2 Qxd6
21. Qa4 Bc6 22. Qa5 e5 23. Be3 f5 24. Rd1 Qe7 25. Qc7 e4 26. Bc4 Rg6 27. Qf4
fxg4 28. fxe4 O-O-O 29. Bxa7 Rf8 30. Rxd7 1-0

[Event "BL 0607 SC Bann - OSC Baden Baden"]
[Site "?"]
[Date "2006.12.08"]
[Round "7.6"]
[White "Nun, Jiri"]
[Black "Krasenkow, Michal"]
[Result "0-1"]
[WhiteElo "2382"]
[BlackElo "2647"]
[PlyCount "98"]
[EventDate "2006.??.??"]

1. e4 g6 2. d4 Bg7 3. Nf3 d6 4. h3 Nf6 5. Bd3 Nc6 6. c3 O-O 7. O-O e5 8. dxe5
Nxe5 9. Nxe5 dxe5 10. Qe2 Nh5 11. Bc4 Qh4 12. Na3 a6 13. Nc2 Kh8 14. Ne1 h6 15.
Nf3 Qe7 16. Re1 Bd7 17. Bd2 Rfd8 18. Rad1 Ba4 19. b3 Be8 20. Bc1 b5 21. Bd3 c5
22. Bc2 Bc6 23. Rxd8+ Rxd8 24. g3 Nf6 25. Kh2 Kg8 26. Nh4 Qc7 27. Qe3 Bf8 28.
Nf3 Bb7 29. Ng1 a5 30. f3 c4 31. Rd1 Rxd1 32. Bxd1 cxb3 33. axb3 Qc6 34. Qd3
Nd7 35. Be3 a4 36. b4 g5 37. Bc2 Nb6 38. Bxb6 Qxb6 39. Kg2 Bc8 40. Bb1 Be6 41.
Qd2 Bd6 42. h4 gxh4 43. Qxh6 Be7 44. Qd2 hxg3 45. Nh3 Qd6 46. Qe2 Bh4 47. Ba2
Bxa2 48. Qxa2 Qd3 49. Ng1 Bg5 0-1

[Event "BL 0607 SC Bann - OSC Baden Baden"]
[Site "?"]
[Date "2006.12.08"]
[Round "7.7"]
[White "Dautov, Rustem"]
[Black "Feller, Sebastien"]
[Result "1/2-1/2"]
[WhiteElo "2577"]
[BlackElo "2424"]
[PlyCount "99"]
[EventDate "2006.??.??"]

1. d4 Nf6 2. c4 e6 3. Nf3 d5 4. Nc3 Bb4 5. Bg5 O-O 6. cxd5 exd5 7. e3 c5 8.
dxc5 Nbd7 9. Bd3 Bxc3+ 10. bxc3 Qa5 11. O-O Qxc5 12. Qc2 b6 13. Nd4 h6 14. Bh4
Re8 15. Rac1 Ne4 16. c4 Bb7 17. cxd5 Qxc2 18. Rxc2 Bxd5 19. Bb5 Nec5 20. f3 a6
21. Bxd7 Nxd7 22. e4 Be6 23. Nxe6 Rxe6 24. Rd1 Ne5 25. Bf2 b5 26. Rc5 Ree8 27.
Rdd5 Nc4 28. h4 Rac8 29. Rxc8 Rxc8 30. Bc5 Nd2 31. h5 Nb1 32. Bb4 Rc2 33. a3
Ra2 34. Rd8+ Kh7 35. Ra8 Nxa3 36. Rxa6 Ra1+ 37. Kf2 Nc2 38. Rxa1 Nxa1 39. Ke2
Nc2 40. Bd2 b4 41. Kd3 b3 42. Kc3 Nd4 43. Be3 Ne2+ 44. Kxb3 Ng3 45. Kc4 Nxh5
46. g4 Nf6 47. e5 Ne8 48. f4 g6 49. Kd5 Ng7 50. Ke4 1/2-1/2

[Event "BL 0607 SC Bann - OSC Baden Baden"]
[Site "?"]
[Date "2006.12.08"]
[Round "7.8"]
[White "Baerwinkel, Tobias"]
[Black "Doettling, Fabian"]
[Result "1/2-1/2"]
[WhiteElo "2291"]
[BlackElo "2542"]
[PlyCount "35"]
[EventDate "2006.??.??"]

1. e4 c6 2. d4 d5 3. exd5 cxd5 4. c4 Nf6 5. Nc3 e6 6. Nf3 Bb4 7. cxd5 Nxd5 8.
Bd2 O-O 9. Bd3 Nc6 10. O-O Be7 11. a3 Nf6 12. Be3 b6 13. Qe2 Bb7 14. Rfd1 Rc8
15. Rac1 Qd6 16. Ba6 Bxa6 17. Qxa6 Qb8 18. d5 1/2-1/2

[Event "BL 0607 SC Kreuzberg - SK König-Tegel"]
[Site "?"]
[Date "2007.02.03"]
[Round "7.1"]
[White "Rabiega, Robert"]
[Black "Sargissian, Gabriel"]
[Result "1/2-1/2"]
[WhiteElo "2529"]
[BlackElo "2667"]
[PlyCount "82"]
[EventDate "2007.??.??"]

1. e4 e5 2. Nf3 Nc6 3. Bc4 Bc5 4. O-O Nf6 5. d3 d6 6. c3 O-O 7. h3 a6 8. Bb3 h6
9. Re1 Ba7 10. Nbd2 Be6 11. Nf1 Re8 12. Be3 Bxb3 13. Qxb3 Bxe3 14. Nxe3 Qd7 15.
Rad1 Rab8 16. Nd5 Nxd5 17. Qxd5 Qe6 18. Kf1 Qxd5 19. exd5 Ne7 20. d4 e4 21.
Rxe4 Nxd5 22. Rxe8+ Rxe8 23. c4 Nf4 24. h4 Re4 25. g3 Ne6 26. Re1 Rxe1+ 27.
Kxe1 Kh7 28. Kd2 Kg6 29. Ke3 Kf5 30. b4 Nf8 31. a4 Nd7 32. Nd2 d5 33. c5 b5 34.
cxb6 cxb6 35. f3 h5 36. Nb3 f6 37. a5 bxa5 38. bxa5 g5 39. Nc5 Nb8 40. Kf2 g4
41. f4 Nc6 1/2-1/2

[Event "BL 0607 SC Kreuzberg - SK König-Tegel"]
[Site "?"]
[Date "2007.02.03"]
[Round "7.2"]
[White "Socko, Bartosz"]
[Black "Stern, Rene"]
[Result "1-0"]
[WhiteElo "2630"]
[BlackElo "2476"]
[PlyCount "161"]
[EventDate "2007.??.??"]

1. e4 e5 2. Nf3 Nc6 3. Bb5 a6 4. Bxc6 dxc6 5. O-O Qf6 6. d4 exd4 7. Bg5 Qd6 8.
Nxd4 Ne7 9. Nc3 Bd7 10. Nb3 Qxd1 11. Raxd1 Ng6 12. h3 a5 13. a3 b6 14. Nd2 h6
15. Be3 Be7 16. f4 Bf6 17. Nf3 Bxc3 18. bxc3 c5 19. f5 Nf8 20. g4 O-O-O 21. Bf4
Ba4 22. Rxd8+ Kxd8 23. Ne5 Be8 24. Kf2 Kc8 25. Rd1 Nh7 26. Ke3 f6 27. Nf3 Ba4
28. Rd2 Ng5 29. Bxg5 hxg5 30. Rh2 Bc6 31. h4 Re8 32. Nd2 gxh4 33. Rxh4 Ba4 34.
Rh7 Rg8 35. Nb3 Kd7 36. g5 fxg5 37. Rh5 Ke7 38. Rxg5 Kf7 39. Nd2 Bxc2 40. Nf3
Re8 41. e5 Rh8 42. e6+ Kf6 43. Kf4 Rh6 44. Ne5 Bxf5 45. Rxf5+ Kxe6 46. Rg5 Rh4+
47. Ng4 Kf7 48. Rf5+ Ke6 49. Re5+ Kd6 50. Rg5 Kc6 51. c4 Rh7 52. Ne3 a4 53. Ke4
Kb7 54. Kd3 c6 55. Kc3 Ka6 56. Kd3 Kb7 57. Kc3 Ka6 58. Rg6 Kb7 59. Rg3 b5 60.
Nf5 Kb6 61. Rxg7 Rh1 62. Nd6 Rh3+ 63. Kb2 Rh2+ 64. Kc1 Rh1+ 65. Kd2 Rh8 66.
Rb7+ Ka6 67. Rc7 Kb6 68. Rd7 Rh2+ 69. Ke1 Rh1+ 70. Kf2 Rh8 71. Kg3 Rb8 72. Kf4
b4 73. Ne4 bxa3 74. Rd3 Ka5 75. Rxa3 Rb3 76. Rxb3 axb3 77. Ke3 Kb4 78. Kd3 b2
79. Nd2 Ka4 80. Kc3 Ka3 81. Nb1+ 1-0

[Event "BL 0607 SC Kreuzberg - SK König-Tegel"]
[Site "?"]
[Date "2007.02.03"]
[Round "7.3"]
[White "Muse, Mladen"]
[Black "Luther, Thomas"]
[Result "1/2-1/2"]
[WhiteElo "2443"]
[BlackElo "2594"]
[PlyCount "35"]
[EventDate "2007.??.??"]

1. d4 e6 2. Nf3 d5 3. c4 Nf6 4. Nc3 Bb4 5. cxd5 exd5 6. Bg5 Nbd7 7. Qc2 c5 8.
dxc5 h6 9. Bd2 Bxc5 10. e3 O-O 11. Be2 a6 12. O-O b5 13. Rfd1 Bb7 14. Be1 Rc8
15. Qf5 Re8 16. a4 b4 17. Na2 Qe7 18. Nd4 1/2-1/2

[Event "BL 0607 SC Kreuzberg - SK König-Tegel"]
[Site "?"]
[Date "2007.02.03"]
[Round "7.5"]
[White "Tomczak, Rainer"]
[Black "Tischbierek, Raj"]
[Result "1/2-1/2"]
[WhiteElo "2323"]
[BlackElo "2486"]
[PlyCount "62"]
[EventDate "2007.??.??"]

1. e4 g6 2. d4 d6 3. Nf3 Nf6 4. Nc3 Bg7 5. Be2 O-O 6. O-O c6 7. h3 Nbd7 8. Be3
e5 9. dxe5 dxe5 10. Qd2 Qe7 11. Rad1 Nc5 12. Ng5 h6 13. Qd6 Qxd6 14. Rxd6 Ncd7
15. Nf3 Re8 16. a3 Bf8 17. Rd2 b5 18. Rfd1 Kg7 19. Nh2 Nc5 20. Rd8 Rxd8 21.
Rxd8 Be7 22. Rd1 a5 23. Ng4 Nxg4 24. Bxg4 f5 25. exf5 gxf5 26. Bf3 e4 27. Bh5
Ne6 28. Ne2 Bf6 29. c3 b4 30. axb4 axb4 31. cxb4 Bxb2 1/2-1/2

[Event "BL 0607 SC Kreuzberg - SK König-Tegel"]
[Site "?"]
[Date "2007.02.03"]
[Round "7.6"]
[White "Loeffler, Stefan"]
[Black "Von Herman, Ulf"]
[Result "1-0"]
[WhiteElo "2448"]
[BlackElo "2364"]
[PlyCount "66"]
[EventDate "2007.??.??"]

1. d4 d5 2. Bf4 Bf5 3. e3 c6 4. c4 e6 5. Qb3 Qb6 6. c5 Qxb3 7. axb3 Nd7 8. b4
Bxb1 9. Rxb1 a6 10. Bd3 Ne7 11. Nf3 g6 12. Ke2 h5 13. h3 Bh6 14. Ra1 Rc8 15.
Bd6 Bg7 16. g4 Ng8 17. Nd2 Bf8 18. Bg3 Be7 19. Nb3 Bd8 20. Na5 Bxa5 21. bxa5
Ngf6 22. Bd6 Ra8 23. f3 Rh7 24. Kf2 Kd8 25. Kg2 Ne8 26. Bg3 Ndf6 27. e4 Kd7 28.
Rhf1 dxe4 29. fxe4 hxg4 30. hxg4 Nxg4 31. Rh1 Nef6 32. Kf3 Nh6 33. e5 Nh5 1-0

[Event "BL 0607 SC Kreuzberg - SK König-Tegel"]
[Site "?"]
[Date "2007.02.03"]
[Round "7.7"]
[White "Sarbok, Torsten"]
[Black "Richter, Michael"]
[Result "1-0"]
[WhiteElo "2325"]
[BlackElo "2396"]
[PlyCount "99"]
[EventDate "2007.??.??"]

1. e4 e6 2. d4 d5 3. exd5 exd5 4. Bd3 Nc6 5. c3 Bd6 6. Qf3 Nf6 7. h3 Be6 8. Ne2
Qd7 9. Bg5 Ne4 10. Bxe4 dxe4 11. Qxe4 f5 12. Qd3 O-O 13. f4 Qf7 14. Nd2 Rae8
15. O-O Bxa2 16. Ng3 Be6 17. b3 a6 18. Nc4 h6 19. Bh4 Kh8 20. Rad1 Bxc4 21.
bxc4 g6 22. c5 Be7 23. Bxe7 Rxe7 24. d5 Nd8 25. Rfe1 Rfe8 26. Qd4+ Kh7 27. Re5
c6 28. c4 Qf6 29. Rxe7+ Qxe7 30. Kf2 Qh4 31. Kf3 Qe7 32. d6 Qf7 33. d7 Re7 34.
Qd6 g5 35. Nxf5 Qh5+ 36. Kg3 Rf7 37. Ne7 gxf4+ 38. Kh2 Qg5 39. Nc8 Qg3+ 40. Kh1
Qg5 41. Rf1 Kg7 42. Nb6 h5 43. Qd4+ Qf6 44. Rxf4 Qxd4 45. Rxd4 Rf5 46. Re4 Rf1+
47. Kh2 Rd1 48. Re8 Nf7 49. Re7 Kf8 50. Nd5 1-0